000 00294nam a22001337a 4500
008 170208b xxu||||| |||| 00| 0 eng d
020 _a0827350104
041 _aeng
080 _24ED
_a61
100 _a4
101 _aSHM
245 _aINTRODUCTION HEALTH SERVICRS
_cWILLIAMS
942 _2udc
_cBK
999 _c4911
_d4911